03061nam a2200433Ia 450000500170000000800390001702000150005604100090007108200170008011000500009724501250014725000220027230000400029465000460033465000300038065000430041094200120045326400630046533600270052833700330055533800280058804000350061699900150065195201270066695201310079395201330092495201300105795201310118795201310131895201310144995201310158095201330171195201290184495201300197395201310210395201310223495201300236595201320249520220316235946.0141017s1999 waua gr 000 0 spa a92753230110 aspa 04a361.26bO73a2 aOrganización Panamericana de la Salud9724110aAsistencia humanitaria en caso de desastres bguía para proveer ayuda eficaz cOrganización Panamericana de la Salud aPrimera edición a18 páginas bilustracionesc23 cm14aAsistencia humanitaria en desastres2LEMB14aDesastres naturales2LEMB14aAtención médica en desastres2LEMB 2ddccBK aWashington bOrganización Panamericana de la Saludc1999 atextobtxt2rdacontent asin mediaciónbn2rdamedia avolumenbnc2rdacarrier aCO-BoRNBPbspaerdacCO-BoRNBP c2736d2736 00102ddc4070aMEPRICObMEPRICOd2022-12-06l0o361.26 O73a EJ.1pPR000000140r2022-12-06 00:00:00tEj.1w2022-12-06yBK 00102ddc40708GENaMEDORADObMEDORADOcGENd2022-12-20l0o361.26 O73apDOR00252r2022-12-20 00:00:00tEj.1w2022-12-20yBK 00102ddc40708GENaMEGUAMALbMEGUAMALcGENd2023-03-15l0o361.26 O73apGUA002316r2023-03-15 00:00:00tEj.1w2023-03-15yBK 00102ddc40708GENaMECASTILbMECASTILcGENd2023-06-07l0o361.26 O73apEC00651r2023-06-07 00:00:00tEj.1w2023-06-07yBK 00102ddc40708GENaMELEJANIbMELEJANIcGENd2023-06-26l0o361.26 O73apLEJ00332r2023-06-26 00:00:00tEj.1w2023-06-26yBK 00102ddc40708GENaMESARAMAbMESARAMAcGENd2023-07-06l0o361 26 O73ApSJA00578r2023-07-06 00:00:00tEj.1w2023-07-06yBK 00102ddc40708GENaMEVHERMObMEVHERMOcGENd2023-07-26l0o361.26 O73apVIS00367r2023-07-26 20:57:14tEj.1w2023-07-26yBK 00102ddc40708GENaMECUBARRbMECUBARRcGENd2023-08-10l0o361.26 O73apCUB02358r2023-08-10 14:34:48tEj.1w2023-08-10yBK 00102ddc40708GENaMEPLLERASbMEPLLERAScGENd2023-10-20l0o361.26 C73ApPLL00903r2023-10-20 21:27:39tEj.1w2023-10-20yBK 00102ddc40708GENaMEURIBEbMEURIBEcGENd2024-07-19l0o361.26 O73apURI00441r2024-07-19 16:24:28tEj.1w2024-07-19yBK 00102ddc40708GENaMESGUARObMESGUAROcGENd2025-04-04l0o361.26 O73apSG02852r2025-04-04 11:51:30tEj.1w2025-04-04yBK 00102ddc40708GENaMEPLOPEZbMEPLOPEZcGENd2025-05-30l0o361.26 O73apPLZ02138r2025-05-30 16:12:46tEj.1w2025-05-30yBK 00102ddc40708GENaMEACACIAbMEACACIAcGENd2025-06-12l0o361.26 O73apACA02616r2025-06-12 09:12:08tEj.1w2025-06-12yBK 00102ddc40708GENaMEMACAREbMEMACAREcGENd2025-07-25l0o361.26 O73apLM02749r2025-07-25 17:48:40tEj.1w2025-07-25yBK 00102lcc40708GENaMEPCONCObMEPCONCOcGENd2026-02-06l0o361.26 O73apPCON00771r2026-02-06 14:37:43tEj.1w2026-02-06yBK